000 01602nam a2200421 i 4500
001 50964
003 FINmELB
005 20241216232252.0
006 m o u
007 cr cn|||||||||
008 200110s2013 sp ob 000 0 spa d
020 _z9788499401553
020 _a9788499408019
_q(e-book)
035 _a(OCoLC)1139494362
040 _aFINmELB
_bspa
_erda
_cFINmELB
050 1 4 _aHM251
_bO961 2013
080 _a316.6
082 0 4 _a302
_223
100 1 _aOvejero Bernal, Anastasio.
245 1 0 _aPsicología social :
_balgunas claves para entender la conducta humana /
_cAnastasio Ovejero Bernal.
264 1 _aMadrid :
_bBiblioteca Nueva,
_c2013.
300 _a1 recurso en línea (365 páginas)
336 _atexto
_btxt
_2rdamedia/spa
337 _acomputadora
_bc
_2rdamedia/spa
338 _arecurso en línea
_2rdacarrier/spa
490 1 _aBiblioteca Nueva universidad. Manuales y obras de referencia
504 _aContiene bibliografía.
588 _aDescripción basada en metadatos suministrados por el editor y otras fuentes.
590 _aRecurso electrónico. Santa Fe, Arg.: elibro, 2020. Disponible vía World Wide Web. El acceso puede estar limitado para las bibliotecas afiliadas a elibro.
650 0 _aSocial psychology.
650 4 _aPsicología social.
655 4 _aLibros electrónicos.
797 2 _aelibro, Corp.
830 0 _aBiblioteca Nueva universidad. Manuales y obras de referencia.
856 4 0 _uhttps://elibro.net/ereader/politecnicointernacional/112862
999 _c50964
_d50964